000 00633nam0a22002291 4500
001 rc\838553
005 20250622012033.0
035 _a(NLR Aleph) 006020181
090 _a7419675
_c7419675
100 _a20041129d1983 |||y0rusy50 ca
101 0 _arus
102 _aRU
105 _ay |||||||||
200 1 _aНаемный труд и капитал
_f[Введ. Ф. Энгельса]
210 _aМ.
_cПолитиздат
_d1983
215 _a46 с.
_d20
700 1 _aМаркс
_bК.
_f1818-1883
_gКарл
801 0 _aRU
_bNLR
_gpsbo
801 1 _aRU
_bELAR
_2rusmarc
852 _aNLR
_jМЭ 1-47/3-44
942 _cBOOK
980 _aNB